Countries with H in Their Name - Statistics

General Stats
  • This quiz has been taken 2,241 times
    2,183 since last reset
  • The average score is 25 of 32
Answer Stats
Continent Country % Correct
North America Haiti
96%
North America Honduras
96%
Europe Hungary
94%
South America Chile
87%
Asia China
86%
Asia South Korea
86%
Asia Bhutan
85%
Africa South Africa
85%
Asia North Korea
84%
Asia Afghanistan
82%
Africa South Sudan
81%
Asia Thailand
81%
North America Bahamas
80%
Europe Netherlands
80%
Asia Bahrain
79%
Africa Chad
79%
Africa Ghana
79%
Asia Kazakhstan
79%
Europe Lithuania
79%
Asia Bangladesh
77%
Europe Bosnia and Herzegovina
77%
Africa Ethiopia
77%
Europe Liechtenstein
77%
Oceania Marshall Islands
77%
Europe Czechia (Czech Republic)
76%
Asia Philippines
74%
Africa Lesotho
72%
Africa Seychelles
72%
Europe North Macedonia
71%
Africa Democratic Republic of the Congo
67%
Africa Republic of the Congo
64%
North America Saint Vincent and the Grenadines
55%
No matching quizzes found
Score Distribution
Percent of People with Each Score
Percentile by Number Answered
Your Score History
You have not taken this quiz since the last reset